Biggest City in Each County of England - Statistics

General Stats
  • This quiz has been taken 30 times
  • The average score is 29 of 48
Answer Stats
County Pop. (2021) Settlement % Correct
City of London 8,583 City of London
96%
Bristol 425,215 City of Bristol
93%
Merseyside 506,565 Liverpool
93%
Derbyshire 275,575 Derby
89%
Greater Manchester 470,405 Manchester
89%
Oxfordshire 159,994 Oxford
89%
West Yorkshire 536,280 Leeds
85%
Leicestershire 406,580 Leicester
85%
Lincolnshire 104,555 Lincoln
85%
Northamptonshire 243,520 Northampton
85%
Nottinghamshire 299,790 Nottingham
85%
Tyne and Wear 286,445 Newcastle-upon-Tyne
81%
Norfolk 200,770 Norwich
81%
Devon 266,955 Plymouth
78%
Worcestershire 105,465 Worcester
78%
West Midlands 1,121,375 Birmingham
74%
East Sussex 277,105 Brighton and Hove
74%
Cumbria 77,730 Carlisle
74%
Suffolk 151,565 Ipswich
74%
Bedfordshire 233,525 Luton
74%
Hampshire 249,620 Southampton
74%
Dorset 196,455 Bournemouth
70%
Gloucestershire 118,555 Gloucester
70%
East Riding of Yorkshire 270,810 Kingston upon Hull
70%
Berkshire 203,795 Reading
70%
Lancashire 149,070 Blackpool
63%
Herefordshire 60,480 Hereford
63%
Cambridgeshire 190,605 Peterborough
63%
North Yorkshire 148,215 Middlesbrough
59%
Buckinghamshire 197,340 Milton Keynes
59%
South Yorkshire 500,535 Sheffield
59%
Essex 182,305 Southend-on-Sea
59%
Staffordshire 260,560 Stoke-on-Trent
59%
Wiltshire 183,680 Swindon
56%
Hertfordshire 131,325 Watford
52%
Somerset 94,080 Bath
41%
Kent 109,490 Maidstone
41%
Rutland 12,160 Oakham
30%
Shropshire 156,910 Telford
30%
West Sussex 120,550 Crawley
22%
Surrey 77,880 Guildford
22%
Isle of Wight 25,405 Newport
22%
Cornwall 24,545 Newquay
22%
Cheshire 174,970 Warrington
22%
Greater London 390,719 Croydon
15%
Durham 93,015 Darlington
15%
Warwickshire 88,815 Nuneaton
7%
Northumberland 39,730 Blyth
4%
No matching quizzes found
Score Distribution
Percent of People with Each Score
Percentile by Number Answered
Your Score History
You have not taken this quiz